书目信息 |
| 题名: |
糖生物学概述
|
|
| 作者: | 泰勒 , 德里卡默 编著 ;马毓甲 译 | |
| 分册: | ||
| 出版信息: | 北京 科学出版社 2013.05 |
|
| 页数: | 16,278页 | |
| 开本: | 26cm | |
| 丛书名: | 生命科学名著 | |
| 单 册: | ||
| 中图分类: | Q53 | |
| 科图分类: | ||
| 主题词: | 碳水化合物--生物化学 , 碳水化合物 , 生物化学 | |
| 电子资源: | ||
| ISBN: | 978-7-03-036989-5 | |
| 000 | 01404oam2 2200337 450 | |
| 001 | 012013125966 | |
| 005 | 20140610104446.67 | |
| 010 | @a978-7-03-036989-5@dCNY88.00 | |
| 100 | @a20130531d2013 em y0chiy0110 ea | |
| 101 | 1 | @achi@ceng |
| 102 | @aCN@b110000 | |
| 105 | @aak z 001yy | |
| 106 | @ar | |
| 200 | 1 | @a糖生物学概述@9tang sheng wu xue gai shu@dIntroduction to glycobiology@f(英)M. E.泰勒(Maureen E. Taylor),(英)K.德里卡默(Kurt Drickamer)编著@g马毓甲译@zeng |
| 210 | @a北京@c科学出版社@d2013.05 | |
| 215 | @a16,278页@c图@d26cm | |
| 225 | 2 | @a生命科学名著 |
| 305 | @a据原书第3版译出 | |
| 330 | @a糖生物学(glycobiology)是研究聚糖及其衍生物的结构,化学,生物合成及生物功能的科学。《糖生物学基础》一书内容涵盖了糖生物学的发展史、基础知识、糖链的生物合成和生理功能、与人类健康的关系等,是有关糖生物学的理想基础读物,也是描述聚糖生物发生和功能的第一部教科书。该书在2002年第一版的基础上进行了修改,使体系更完善,内容更充实。 | |
| 333 | @a生命科学研究者 | |
| 461 | 0 | @12001 @a生命科学名著 |
| 510 | 1 | @aIntroduction to glycobiology@zeng |
| 606 | 0 | @a碳水化合物@x生物化学 |
| 606 | 0 | @a碳水化合物 |
| 606 | 0 | @a生物化学 |
| 690 | @aQ53@v5 | |
| 701 | 0 | @c(英)@a泰勒@9tai le@c(Taylor, Maureen E.)@4编著 |
| 701 | 0 | @c(英)@a德里卡默@9de li ka mo@c(Drickamer, Kurt)@4编著 |
| 702 | 0 | @a马毓甲@9ma yu jia@4译 |
| 801 | 0 | @aCN@b人天书店@c20130531 |
| 905 | @b846335-37@dQ53@e205@f3 | |
| 糖生物学概述=Introduction to glycobiology/(英)M. E.泰勒(Maureen E. Taylor),(英)K.德里卡默(Kurt Drickamer)编著/马毓甲译.-北京:科学出版社,2013.05 |
| 16,278页:图;26cm.-(生命科学名著) |
| 使用对象:生命科学研究者 |
| ISBN 978-7-03-036989-5:CNY88.00 |
| 糖生物学(glycobiology)是研究聚糖及其衍生物的结构,化学,生物合成及生物功能的科学。《糖生物学基础》一书内容涵盖了糖生物学的发展史、基础知识、糖链的生物合成和生理功能、与人类健康的关系等,是有关糖生物学的理想基础读物,也是描述聚糖生物发生和功能的第一部教科书。该书在2002年第一版的基础上进行了修改,使体系更完善,内容更充实。 |
| ● |
| 相关链接 |
|
|
|
|
正题名:糖生物学概述
索取号:Q53/205
 
预约/预借
| 序号 | 登录号 | 条形码 | 馆藏地/架位号 | 状态 | 备注 |
| 1 | 846335 | 208463358 | 第二样本阅览室/ [索取号:Q53/205] | 在馆 | |
| 2 | 846336 | 208463367 | 密集书库-生命科学系/ [索取号:Q53/205] | 在馆 | |
| 3 | 846337 | 208463376 | 第三借阅区/ [索取号:Q53/205] | 在馆 |